[Event "CAN-ch U16/18 Girls"]
[Site "Ottawa"]
[Date "2013.07.11"]
[Round "4"]
[White "Kalaydina, Regina Veronicka"]
[Black "Vyravanathan, Sobiga"]
[Result "1-0"]
[WhiteElo "1962"]
[BlackElo "1640"]
[PlyCount "129"]
[EventDate "2013.07.10"]
[EventType "swiss"]
[EventRounds "6"]
[EventCountry "CAN"]
[SourceTitle "EXT 2022"]
[Source "ChessBase"]
[SourceDate "2021.10.06"]
[SourceVersion "1"]
[SourceVersionDate "2021.10.06"]
[SourceQuality "1"]

1. d4 Nf6 2. c4 e6 3. Nf3 d5 4. g3 Be7 5. Bg2 0-0 6. 0-0 Nc6 7. Qc2 Nb4 8. Qb3 a5 9. a3 a4 10. Qd1 Nc6 11. cxd5 Nxd5 12. Nc3 Nxc3 13. bxc3 Bd6 14. e4 e5 15. Ne1 Bd7 16. f4 f6 17. Nf3 Bg4 18. dxe5 fxe5 19. Qd5+ Kh8 20. Nxe5 Nxe5 21. fxe5 Rxf1+ 22. Bxf1 Be7 23. Be3 c6 24. Qxd8+ Rxd8 25. Kf2 Rf8+ 26. Ke1 Rd8 27. Be2 Be6 28. c4 Kg8 29. c5 Kf7 30. Bd1 Ra8 31. Rb1 Ra7 32. Kf2 Bc4 33. Rb4 Bb5 34. Bg4 Ra8 35. Rd4 g6 36. Rd7 Ba6 37. Bg5 Re8 38. Bxe7 Rxe7 39. Rxe7+ Kxe7 40. Ke3 Bc4 41. Bc8 Ba6 42. Kf4 Kd8 43. Be6 Ke7 44. Bg4 h6 45. h4 Bc4 46. Bc8 Ba6 47. g4 Kd8 48. Be6 Ke7 49. Bg8 Kf8 50. Ba2 Bd3 51. Be6 Ke7 52. Bc8 Ba6 53. h5 g5+ 54. Kf5 Kd8 55. Be6 Bd3 56. Kg6 Bxe4+ 57. Kxh6 Bd5 58. Bf5 b5 59. cxb6 c5 60. Kxg5 c4 61. h6 c3 62. h7 Bb3 63. h8Q+ Ke7 64. Qf6+ Ke8 65. b7 1-0

[Event "Wch U16 Girls"]
[Site "Maribor"]
[Date "2012.11.12"]
[Round "6.16"]
[White "Michelle, Catherina P"]
[Black "Kalaydina, Regina Veronicka"]
[Result "1/2-1/2"]
[WhiteElo "2109"]
[BlackElo "1934"]
[PlyCount "86"]
[EventDate "2012.11.08"]
[EventType "swiss"]
[EventRounds "11"]
[EventCountry "SLO"]
[SourceTitle "EXT 2013"]
[Source "ChessBase"]
[SourceDate "2012.11.22"]
[SourceVersion "1"]
[SourceVersionDate "2012.11.22"]
[SourceQuality "1"]

1. e4 c5 2. Nf3 e6 3. d4 cxd4 4. Nxd4 Nc6 5. Nc3 Qc7 6. Be3 a6 7. Qd2 Nf6 8. 0-0-0 Bb4 9. f3 Ne5 10. Nb3 b5 11. Qe1 Rb8 12. Qg3 0-0 13. Bd4 Bd6 14. f4 Nh5 15. fxe5 Nxg3 16. exd6 Qxd6 17. hxg3 Qxg3 18. Rh3 Qf4+ 19. Be3 Qg4 20. Be2 Qg6 21. g4 Bb7 22. e5 f5 23. exf6 Qxf6 24. Nc5 Bc6 25. Nxa6 Ra8 26. Nc7 b4 27. Nxa8 Rxa8 28. Rf1 Qe5 29. Bf4 Qa5 30. Nb1 Bg2 31. Rh5 Qxa2 32. Rf2 Be4 33. Rc5 b3 34. Bd1 Rf8 35. Be3 Rxf2 36. Bxf2 Qa6 37. Nc3 d6 38. Rb5 Qa1+ 39. Nb1 bxc2 40. Rb8+ Kf7 41. Bxc2 Bxc2 42. Kxc2 Qa4+ 43. Rb3 Qe4+ 1/2-1/2

[Event "Calgary Alberta op"]
[Site "Calgary"]
[Date "2012.10.06"]
[Round "1.16"]
[White "McKim, Chris"]
[Black "Kalaydina, Regina Veronicka"]
[Result "1-0"]
[WhiteElo "1488"]
[BlackElo "1993"]
[PlyCount "133"]
[EventDate "2012.10.06"]
[EventType "swiss"]
[EventRounds "5"]
[EventCountry "CAN"]
[SourceTitle "EXT 2022"]
[Source "ChessBase"]
[SourceDate "2021.10.06"]
[SourceVersion "1"]
[SourceVersionDate "2021.10.06"]
[SourceQuality "1"]

1. b4 d5 2. Bb2 Nf6 3. e3 Bg4 4. Be2 Bxe2 5. Nxe2 e6 6. a3 Bd6 7. Ng3 Nbd7 8. d3 0-0 9. Nd2 c5 10. Nf3 cxb4 11. axb4 Bxb4+ 12. c3 Bd6 13. 0-0 Ne5 14. c4 Nxf3+ 15. Qxf3 Be7 16. Rfc1 dxc4 17. dxc4 Qb6 18. Bd4 Qc6 19. Qxc6 bxc6 20. Rxa7 Rxa7 21. Bxa7 Ra8 22. Bd4 h6 23. Bxf6 Bxf6 24. Kf1 Be5 25. Ne4 Ra4 26. g3 Kf8 27. Nc5 Ra1 28. Rxa1 Bxa1 29. Ke2 Ke7 30. Kd3 Bb2 31. Kc2 Ba3 32. Nd3 Bd6 33. Kb3 Bc7 34. Kb4 Kd6 35. e4 f6 36. f4 Kd7 37. Kc5 Bd6+ 38. Kb6 Bc7+ 39. Kb7 Bd6 40. c5 Be7 41. f5 exf5 42. exf5 Bd8 43. g4 Bc7 44. h3 Be5 45. Nb4 Bd4 46. Kb6 Bg1 47. Nxc6 Ke8 48. Nb4 Kf7 49. Kc6 g6 50. Kd5 h5 51. c6 Bh2 52. Na6 hxg4 53. hxg4 gxf5 54. gxf5 Ke7 55. Nc5 Bg3 56. Ne6 Bf2 57. Nf4 Bg3 58. Ng6+ Kf7 59. Kc5 Bc7 60. Kb5 Ke8 61. Ka6 Kd8 62. Kb7 Bg3 63. Nf8 Ke7 64. Ne6 Kf7 65. c7 Bxc7 66. Kxc7 Ke7 67. Kc6 1-0

[Event "Wch U20 Girls 30th"]
[Site "Athens"]
[Date "2012.08.15"]
[Round "13"]
[White "Frey, Alisa"]
[Black "Kalaydina, Regina Veronicka"]
[Result "0-1"]
[WhiteElo "2035"]
[BlackElo "1928"]
[PlyCount "90"]
[EventDate "2012.08.02"]
[EventType "swiss"]
[EventRounds "13"]
[EventCountry "GRE"]
[SourceTitle "CBM 149 Extra"]
[Source "ChessBase"]
[SourceDate "2012.08.24"]
[SourceVersion "1"]
[SourceVersionDate "2012.08.24"]
[SourceQuality "1"]

1. e4 c5 2. Nf3 e6 3. d4 cxd4 4. Nxd4 Nc6 5. Nc3 Nf6 6. Ndb5 Bb4 7. a3 Bxc3+ 8. Nxc3 d5 9. exd5 exd5 10. Bd3 0-0 11. 0-0 d4 12. Ne2 Bg4 13. f3 Bh5 14. Bg5 Bg6 15. Bxg6 hxg6 16. Qd3 Qb6 17. Bh4 Rad8 18. Bf2 Rfe8 19. b3 Nd5 20. Rfe1 Ne3 21. Rac1 Qa5 22. Nxd4 Nxd4 23. Rxe3 Nxf3+ 24. gxf3 Qg5+ 25. Kf1 Rxd3 26. Rxe8+ Kh7 27. cxd3 Qxc1+ 28. Kg2 Qxa3 29. d4 Qxb3 30. Re3 Qd1 31. Re5 Qd2 32. Rc5 a5 33. d5 a4 34. Rc4 Qxd5 35. Rxa4 b5 36. Rb4 Qg5+ 37. Kf1 Qd2 38. Be1 Qe3 39. f4 Qf3+ 40. Kg1 Qe2 41. Bf2 Qd1+ 42. Kg2 Qc2 43. Kg1 Qc1+ 44. Kg2 Qc3 45. Rb1 b4 0-1

[Event "Wch U20 Girls 30th"]
[Site "Athens"]
[Date "2012.08.04"]
[Round "3"]
[White "Ibrahimova, Sabina Oqtay"]
[Black "Kalaydina, Regina Veronicka"]
[Result "1-0"]
[WhiteElo "2091"]
[BlackElo "1928"]
[PlyCount "89"]
[EventDate "2012.08.02"]
[EventType "swiss"]
[EventRounds "13"]
[EventCountry "GRE"]
[SourceTitle "CBM 149 Extra"]
[Source "ChessBase"]
[SourceDate "2012.08.24"]
[SourceVersion "1"]
[SourceVersionDate "2012.08.24"]
[SourceQuality "1"]

1. e4 c5 2. Nf3 e6 3. d4 cxd4 4. Nxd4 Nc6 5. Nc3 Nf6 6. a3 d6 7. f4 Be7 8. Nb3 a6 9. Bd3 b5 10. Qf3 Bb7 11. 0-0 Qc7 12. Bd2 0-0 13. Rae1 Rfe8 14. Qg3 g6 15. f5 Ne5 16. fxe6 fxe6 17. Nd4 Bc8 18. Kh1 Bd7 19. Nce2 Nh5 20. Qh3 Nxd3 21. cxd3 Ng7 22. Rc1 Qb7 23. Nf3 e5 24. Qh6 Ne6 25. Nc3 Bc6 26. Qh3 Bf8 27. Ng5 Nxg5 28. Bxg5 Bd7 29. Rf7 Bxh3 30. Rxb7 Bc8 31. Rc7 Be6 32. Kg1 h6 33. Bf6 Bf7 34. h3 Reb8 35. Nd5 Bxd5 36. exd5 Re8 37. Rd7 Rec8 38. Rc6 a5 39. b3 h5 40. h4 b4 41. a4 Rxc6 42. dxc6 Ra6 43. Rd8 Rxc6 44. Be7 Rc1+ 45. Kf2 1-0

[Event "CAN-ch U16 Girls"]
[Site "Vancouver"]
[Date "2012.07.04"]
[Round "4"]
[White "Foote, Joanne"]
[Black "Kalaydina, Regina Veronicka"]
[Result "0-1"]
[WhiteElo "1526"]
[BlackElo "1990"]
[PlyCount "164"]
[EventDate "2012.07.03"]
[EventType "tourn"]
[EventRounds "6"]
[EventCountry "CAN"]
[SourceTitle "EXT 2022"]
[Source "ChessBase"]
[SourceDate "2021.10.06"]
[SourceVersion "1"]
[SourceVersionDate "2021.10.06"]
[SourceQuality "1"]

1. e4 c5 2. c3 d5 3. exd5 Qxd5 4. d4 Nc6 5. Nf3 Nf6 6. Be2 e6 7. 0-0 cxd4 8. cxd4 Be7 9. Nc3 Qd6 10. Re1 0-0 11. Nb5 Qb8 12. g3 Bd7 13. Bf4 Qd8 14. Nd6 Bc8 15. Nb5 Nd5 16. Bd2 Bf6 17. Bc3 a6 18. Na3 b5 19. Nc2 Bb7 20. Bf1 Rc8 21. Qd2 Nxc3 22. bxc3 Na5 23. Bg2 Qc7 24. Ne3 Qxc3 25. Qxc3 Rxc3 26. Rad1 Rd8 27. Ne5 Bxg2 28. Kxg2 g6 29. N3g4 Bg7 30. Ne3 Nb7 31. Nf3 Nd6 32. d5 e5 33. Ng4 e4 34. Nfe5 Rc2 35. Nc6 Re8 36. Nb4 Rb2 37. Nxa6 Rxa2 38. Nb4 Rb2 39. Nc6 Ra8 40. Rf1 h5 41. Ne3 Ra3 42. Rde1 Bh6 43. Kg1 Rd2 44. Nb4 Rb3 45. Nbc2 Rb2 46. Ra1 Nc4 47. Rae1 Nxe3 48. Nxe3 Bxe3 49. Rxe3 f5 50. Rc3 Rxd5 51. Rc6 Kg7 52. Rc7+ Kf6 53. Rc6+ Kf7 54. Rfc1 Rdd2 55. Rc7+ Kf6 56. R7c6+ Kg5 57. h4+ Kh6 58. Rc8 Rd7 59. R8c6 Rbd2 60. Kf1 Rd1+ 61. Rxd1 Rxd1+ 62. Ke2 Rb1 63. Rc7 b4 64. Rb7 b3 65. Ke3 Rb2 66. Rb8 Kg7 67. Rb7+ Kf6 68. Rb6+ Ke5 69. Rxg6 Rc2 70. Rb6 Rc3+ 71. Kd2 Rf3 72. Ke2 Kd4 73. Rb8 Kc3 74. Rc8+ Kb2 75. Rb8 Rc3 76. Kd1 Kb1 77. Kd2 Rd3+ 78. Ke2 b2 79. Rc8 Ka2 80. Rc2 Kb3 81. Rc6 b1Q 82. Rb6+ Kc2 0-1

[Event "CAN-ch U20 Girls"]
[Site "Calgary"]
[Date "2012.01.08"]
[Round "5"]
[White "Bustos, Chantel"]
[Black "Kalaydina, Regina Veronicka"]
[Result "0-1"]
[WhiteElo "490"]
[BlackElo "1947"]
[PlyCount "82"]
[EventDate "2012.01.05"]
[EventType "tourn"]
[EventRounds "5"]
[EventCountry "CAN"]
[SourceTitle "EXT 2022"]
[Source "ChessBase"]
[SourceDate "2021.10.06"]
[SourceVersion "1"]
[SourceVersionDate "2021.10.06"]
[SourceQuality "1"]

1. e4 e5 2. Nf3 Nc6 3. Nc3 Nf6 4. d3 Bc5 5. Be3 Bxe3 6. fxe3 d6 7. d4 0-0 8. Bd3 Re8 9. Qd2 exd4 10. exd4 Nxe4 11. Nxe4 d5 12. 0-0 dxe4 13. Rae1 exd3 14. cxd3 Bg4 15. Ne5 Qxd4+ 16. Qf2 Qxf2+ 17. Rxf2 Rxe5 18. Ref1 Rae8 19. h3 Bh5 20. g4 Bxg4 21. hxg4 Re1 22. Rxf7 Rxf1+ 23. Rxf1 Re2 24. d4 Nxd4 25. Rf4 Ne6 26. Ra4 a6 27. Rb4 Nc5 28. Kf1 Re4 29. Rxe4 Nxe4 30. b3 Kf7 31. Ke2 Kf6 32. Kd3 Nf2+ 33. Ke2 Kg5 34. Kxf2 Kxg4 35. a4 b5 36. axb5 axb5 37. Ke2 h5 38. Kf1 c5 39. Kg1 c4 40. bxc4 bxc4 41. Kf1 h4 0-1

[Event "CAN-ch U20 Girls"]
[Site "Calgary"]
[Date "2012.01.05"]
[Round "1"]
[White "Kalaydina, Regina Veronicka"]
[Black "Gagne, Hope"]
[Result "1-0"]
[WhiteElo "1947"]
[BlackElo "1238"]
[PlyCount "43"]
[EventDate "2012.01.05"]
[EventType "tourn"]
[EventRounds "5"]
[EventCountry "CAN"]
[SourceTitle "EXT 2022"]
[Source "ChessBase"]
[SourceDate "2021.10.06"]
[SourceVersion "1"]
[SourceVersionDate "2021.10.06"]
[SourceQuality "1"]

1. e4 e5 2. Nf3 Nf6 3. Nxe5 Bd6 4. Nc4 Bc5 5. d3 0-0 6. Be2 d6 7. Be3 Bb6 8. Nc3 Be6 9. Nxb6 axb6 10. 0-0 c5 11. d4 cxd4 12. Qxd4 Nbd7 13. Qxd6 Ra5 14. Rad1 Qa8 15. a3 Re5 16. f3 g5 17. Bb5 Kh8 18. Bxd7 Bxd7 19. Qxf6+ Kg8 20. Bxg5 Qa6 21. Bh6 Re6 22. Qg7# 1-0

[Event "Wch U16 Girls"]
[Site "Caldas Novas"]
[Date "2011.11.19"]
[Round "2"]
[White "Sviridova, Vlada"]
[Black "Kalaydina, Regina Veronicka"]
[Result "1-0"]
[WhiteElo "2069"]
[BlackElo "1867"]
[PlyCount "137"]
[EventDate "2011.11.18"]
[EventType "swiss"]
[EventRounds "9"]
[EventCountry "BRA"]
[SourceTitle "EXT 2013"]
[Source "ChessBase"]
[SourceDate "2012.11.22"]
[SourceVersion "1"]
[SourceVersionDate "2012.11.22"]
[SourceQuality "1"]

1. d4 d5 2. c4 c6 3. Nf3 Nf6 4. Qc2 e6 5. Nbd2 Be7 6. e3 0-0 7. Bd3 Nbd7 8. 0-0 b6 9. b3 Bb7 10. Bb2 Rc8 11. Rac1 c5 12. Qb1 dxc4 13. Bxc4 cxd4 14. Bxd4 Bc5 15. Bb2 Qe7 16. Nd4 Ne5 17. Be2 Rfd8 18. Rfd1 Ba8 19. N4f3 Nxf3+ 20. Bxf3 Bxf3 21. Nxf3 Ba3 22. Nd4 Bxb2 23. Qxb2 Qb7 24. h3 h6 25. b4 b5 26. Nb3 Rxc1 27. Rxc1 Ne4 28. Nd4 Qd5 29. Rc7 Rd7 30. Rc8+ Kh7 31. Qc2 g6 32. f3 Nd6 33. Rc5 Qb7 34. h4 h5 35. Rxh5+ Kg7 36. Rc5 a6 37. Qc3 Kh7 38. h5 Nf5 39. Nxf5 exf5 40. h6 f6 41. Qxf6 Rf7 42. Qd6 Qd7 43. Rc6 Qxd6 44. Rxd6 Ra7 45. Rb6 a5 46. a3 axb4 47. axb4 Ra2 48. Rxb5 Rb2 49. Kh2 Kxh6 50. Kg3 Re2 51. Re5 Rb2 52. b5 Kg7 53. f4 Kf7 54. Rc5 Rb3 55. Kf3 Kf6 56. Rc6+ Kf7 57. Rb6 Kg7 58. Rb8 Kf7 59. b6 Kg7 60. b7 Kh7 61. g4 Kg7 62. gxf5 gxf5 63. Ke2 Kh7 64. Kd2 Kg7 65. Kc2 Rb6 66. Kd3 Rb1 67. Kd4 Rb4+ 68. Ke5 Rb5+ 69. Ke6 1-0

[Event "Canadian op 48th"]
[Site "Toronto"]
[Date "2011.07.16"]
[Round "8"]
[White "Coleman, Mike"]
[Black "Kalaydina, Regina Veronicka"]
[Result "1-0"]
[WhiteElo "2162"]
[BlackElo "1890"]
[PlyCount "111"]
[EventDate "2011.07.09"]
[EventType "swiss"]
[EventRounds "9"]
[EventCountry "CAN"]
[SourceTitle "EXT 2022"]
[Source "ChessBase"]
[SourceDate "2021.10.06"]
[SourceVersion "1"]
[SourceVersionDate "2021.10.06"]
[SourceQuality "1"]

1. e4 c5 2. Nf3 e6 3. d4 cxd4 4. Nxd4 Nf6 5. Nc3 d6 6. Be2 Be7 7. Be3 Nc6 8. 0-0 0-0 9. f4 Qc7 10. Qd2 a6 11. Bf3 Nxd4 12. Qxd4 e5 13. fxe5 dxe5 14. Qb6 Qc4 15. h3 Be6 16. Be2 Qc6 17. Rad1 Rac8 18. Kh1 Qxb6 19. Bxb6 Rc6 20. Bg1 Rxc3 21. bxc3 Nxe4 22. Rf3 Rc8 23. c4 Bb4 24. Rfd3 f5 25. Rd8+ Rxd8 26. Rxd8+ Kf7 27. Bf3 Ng3+ 28. Kh2 Nf1+ 29. Kh1 e4 30. Bd1 Ng3+ 31. Kh2 Nf1+ 32. Kh1 Ng3+ 33. Kh2 Nf1+ 34. Kh1 f4 35. Bh2 g5 36. Rd4 Bf5 37. Bg4 Kg6 38. Be2 Ne3 39. g4 f3 40. gxf5+ Kxf5 41. Bxf3 exf3 42. Bg1 Nxc2 43. Rd5+ Kf6 44. Rd3 Ne1 45. Rb3 Bd2 46. Bf2 h5 47. Bxe1 Bxe1 48. Rxf3+ Kg6 49. Rb3 a5 50. Rxb7 Kf6 51. c5 Ke6 52. Rg7 Bd2 53. c6 Kf6 54. c7 Kxg7 55. c8Q h4 56. Qd7+ 1-0

[Event "Calgary Alberta op"]
[Site "Calgary"]
[Date "2010.10.10"]
[Round "3.6"]
[White "Kalaydina, Regina Veronicka"]
[Black "Pivovarov, Juraj"]
[Result "1-0"]
[WhiteElo "1916"]
[BlackElo "2017"]
[PlyCount "73"]
[EventDate "2010.10.09"]
[EventType "swiss"]
[EventRounds "6"]
[EventCountry "CAN"]
[SourceTitle "EXT 2022"]
[Source "ChessBase"]
[SourceDate "2021.10.06"]
[SourceVersion "1"]
[SourceVersionDate "2021.10.06"]
[SourceQuality "1"]

1. d4 f5 2. Nf3 Nf6 3. Bg5 e6 4. Nbd2 Be7 5. e3 0-0 6. Bd3 b6 7. c3 Bb7 8. Qc2 d5 9. Bxf6 Bxf6 10. h3 c5 11. g4 c4 12. Be2 Qd6 13. g5 Be7 14. Ne5 Bxg5 15. h4 Bf6 16. f4 Bxe5 17. fxe5 Qe7 18. Nf3 Nc6 19. Kd2 b5 20. Ng5 h6 21. Nh3 Nxe5 22. Nf4 Qf7 23. dxe5 d4 24. exd4 Bxh1 25. Rxh1 Qb7 26. Rg1 Rfe8 27. Ke3 Rad8 28. Bf3 Qb6 29. Qg2 Re7 30. Nh5 Kh8 31. Qg6 Qc7 32. Nf6 gxf6 33. Qxh6+ Rh7 34. Qxf6+ Rg7 35. Rxg7 Qxg7 36. Qxd8+ Kh7 37. Qg5 1-0

[Event "North American-ch U14 Girls"]
[Site "Montreal"]
[Date "2010.08.19"]
[Round "7"]
[White "Loranger, Erika"]
[Black "Kalaydina, Regina Veronicka"]
[Result "0-1"]
[WhiteElo "1096"]
[BlackElo "1763"]
[PlyCount "114"]
[EventDate "2010.08.16"]
[EventType "tourn"]
[EventRounds "7"]
[EventCountry "CAN"]
[SourceTitle "EXT 2013"]
[Source "ChessBase"]
[SourceDate "2012.11.22"]
[SourceVersion "1"]
[SourceVersionDate "2012.11.22"]
[SourceQuality "1"]

1. e4 c5 2. Nf3 e6 3. Nc3 Nc6 4. Bc4 d6 5. d3 Nf6 6. Bg5 Be7 7. Bb5 Qc7 8. 0-0 0-0 9. Re1 Nd4 10. Re3 Qb6 11. a4 h6 12. Bh4 Nxb5 13. axb5 Bd7 14. e5 dxe5 15. Rxe5 Rfe8 16. h3 Bxb5 17. d4 Bc6 18. dxc5 Qxb2 19. Na4 Bxf3 20. Nxb2 Bxd1 21. Rxd1 Rad8 22. Nd3 Nd7 23. Bxe7 Nxe5 24. Bxd8 Rxd8 25. f4 Nxd3 26. cxd3 Kf8 27. Kf2 Ke7 28. Ke3 Kd7 29. Ra1 Ra8 30. Kd4 Kc6 31. Kc4 a5 32. d4 a4 33. Kb4 Kd5 34. Rxa4 Rxa4+ 35. Kxa4 Kxd4 36. Kb5 Kd5 37. Kb6 f6 38. Kxb7 Kxc5 39. Kc7 e5 40. fxe5 fxe5 41. Kd7 e4 42. Ke6 e3 43. g4 e2 44. Kf5 e1Q 45. Kg6 Qh4 46. g5 Qxh3 47. gxh6 Qxh6+ 48. Kf5 Qf6+ 49. Kg4 Kd5 50. Kg3 Ke4 51. Kg4 Qf5+ 52. Kh4 g5+ 53. Kg3 Ke3 54. Kg2 Qg4+ 55. Kf1 Qe2+ 56. Kg1 Kf3 57. Kh1 Qg2# 0-1

[Event "Calgary CC op"]
[Site "Calgary"]
[Date "2010.08.05"]
[Round "5"]
[White "Kazmaier, Daniel"]
[Black "Kalaydina, Regina Veronicka"]
[Result "1-0"]
[WhiteElo "2157"]
[BlackElo "1857"]
[PlyCount "46"]
[EventDate "2010.07.08"]
[EventType "swiss"]
[EventRounds "7"]
[EventCountry "CAN"]
[SourceTitle "EXT 2019"]
[Source "ChessBase"]
[SourceDate "2018.10.10"]
[SourceVersion "1"]
[SourceVersionDate "2018.10.10"]
[SourceQuality "1"]

1. e4 c5 2. Nf3 e6 3. c3 d5 4. exd5 Qxd5 5. d4 Nf6 6. Na3 a6 7. Nc4 Nbd7 8. Be3 Ng4 9. Bd3 b5 10. Qc2 Nxe3 11. Nxe3 Qh5 12. Be4 Ne5 13. 0-0-0 Nxf3 14. Bxf3 Qg6 15. Be4 f5 16. Bf3 e5 17. g4 fxg4 18. Be4 Qh6 19. Bxh7 Qxh7 20. Qxh7 Rxh7 21. Nd5 Kd7 22. b4 Rxh2 23. Rd2 Rh8 1-0

[Event "CAN-ch U14 Girls"]
[Site "Windsor"]
[Date "2010.07.09"]
[Round "7"]
[White "Kalaydina, Regina Veronicka"]
[Black "Vyravanathan, Sobiga"]
[Result "1-0"]
[WhiteElo "1957"]
[BlackElo "1242"]
[PlyCount "99"]
[EventDate "2010.07.06"]
[EventType "swiss"]
[EventRounds "7"]
[EventCountry "CAN"]
[SourceTitle "EXT 2012"]
[Source "ChessBase"]
[SourceDate "2011.11.24"]
[SourceVersion "1"]
[SourceVersionDate "2011.11.24"]
[SourceQuality "1"]

1. d4 Nf6 2. c4 e6 3. Nc3 Bb4 4. Qc2 Nc6 5. Nf3 0-0 6. e3 d5 7. cxd5 exd5 8. Be2 Ne4 9. 0-0 Bf5 10. Bd3 Re8 11. a3 Ba5 12. b4 Bb6 13. Bd2 a6 14. Na4 Ba7 15. Nc5 Bxc5 16. bxc5 Qf6 17. Bc3 Qg6 18. Nh4 Qg4 19. Nxf5 Qxf5 20. f3 Qg5 21. fxe4 Qxe3+ 22. Kh1 dxe4 23. Bc4 Nxd4 24. Bxd4 Qxd4 25. Bxf7+ Kh8 26. Bxe8 Rxe8 27. Rad1 Qe5 28. Qc4 e3 29. Qf4 Qxc5 30. Qf7 Rg8 31. Rde1 Qxa3 32. Rf3 Rd8 33. Qxc7 Re8 34. Rfxe3 Qxe3 35. Rxe3 Rf8 36. Kg1 b5 37. Qe7 Rg8 38. Ra3 Ra8 39. Qb7 Rd8 40. Ra1 h6 41. Qxa6 b4 42. Qb6 Rf8 43. Qxb4 Rc8 44. h3 Rd8 45. Qe7 Rb8 46. Ra7 Rg8 47. Qf7 Kh7 48. Re7 Kh8 49. Qg6 h5 50. Qxh5# 1-0

[Event "CAN-ch U14 Girls"]
[Site "Windsor"]
[Date "2010.07.06"]
[Round "2"]
[White "Kalaydina, Regina Veronicka"]
[Black "Yun, Chang"]
[Result "1-0"]
[WhiteElo "1957"]
[BlackElo "1475"]
[PlyCount "93"]
[EventDate "2010.07.06"]
[EventType "swiss"]
[EventRounds "7"]
[EventCountry "CAN"]
[SourceTitle "EXT 2012"]
[Source "ChessBase"]
[SourceDate "2011.11.24"]
[SourceVersion "1"]
[SourceVersionDate "2011.11.24"]
[SourceQuality "1"]

1. d4 Nf6 2. c4 g6 3. Nc3 Bg7 4. e4 d6 5. Be2 0-0 6. Nf3 e5 7. d5 Nbd7 8. Bg5 h6 9. Bh4 a5 10. Nd2 Nc5 11. 0-0 g5 12. Bg3 Ne8 13. b3 f5 14. f3 f4 15. Bf2 h5 16. a3 Rf7 17. b4 Nd7 18. c5 Bf8 19. c6 bxc6 20. dxc6 Ndf6 21. Bc4 Qe7 22. Bxf7+ Qxf7 23. Qb3 Be6 24. Qa4 g4 25. Kh1 Qg7 26. Ne2 Qg5 27. Rfd1 h4 28. bxa5 g3 29. Bg1 h3 30. hxg3 fxg3 31. Nf1 Nh5 32. Be3 Qh4 33. Ng1 hxg2+ 34. Kxg2 Nf4+ 35. Bxf4 exf4 36. e5 Kf7 37. Rd4 dxe5 38. Rd7+ Bxd7 39. cxd7 Nd6 40. Qc6 Rb8 41. Qd5+ Ke7 42. Ra2 Bg7 43. Qc6 Rh8 44. Nxg3 Qxg3+ 45. Kf1 Rh2 46. Rxh2 Qxh2 47. Qxc7 1-0

[Event "Alberta-ch U20"]
[Site "Calgary"]
[Date "2009.11.07"]
[Round "2"]
[White "Kalaydina, Regina Veronicka"]
[Black "Virji, Naveed"]
[Result "1-0"]
[WhiteElo "1892"]
[BlackElo "1478"]
[PlyCount "95"]
[EventDate "2009.11.07"]
[EventType "tourn"]
[EventRounds "5"]
[EventCountry "CAN"]
[SourceTitle "EXT 2011"]
[Source "ChessBase"]
[SourceDate "2010.11.26"]
[SourceVersion "1"]
[SourceVersionDate "2010.11.26"]
[SourceQuality "1"]

1. e4 e5 2. Nf3 Nc6 3. Bc4 Bc5 4. c3 Nf6 5. d3 0-0 6. 0-0 Re8 7. Bg5 h6 8. Bh4 g5 9. Bg3 Nh5 10. Bxe5 Nxe5 11. Nxe5 Rxe5 12. Qxh5 Qf6 13. Nd2 Re7 14. d4 Bxd4 15. cxd4 Qxd4 16. Rad1 Kg7 17. b3 c6 18. Rfe1 d5 19. Nf3 Qc5 20. exd5 Rxe1+ 21. Nxe1 cxd5 22. Bxd5 Qe7 23. Nf3 Be6 24. Bxe6 Qxe6 25. Nd4 Qf6 26. Qf3 Qxf3 27. Nxf3 Kf6 28. g4 Ke7 29. Nd4 Kf6 30. Nf3 Ke7 31. Re1+ Kd7 32. h4 f6 33. h5 Re8 34. Rxe8 Kxe8 35. Kf1 Kd7 36. Ke2 Kc6 37. Nd4+ Kc5 38. Nf5 Kb4 39. Nxh6 Ka3 40. Nf5 Kxa2 41. h6 a5 42. Nd4 b5 43. h7 a4 44. bxa4 bxa4 45. h8Q a3 46. Qg8+ Kb2 47. Qb3+ Ka1 48. Nc2# 1-0

[Event "Alberta-ch U20"]
[Site "Calgary"]
[Date "2009.11.07"]
[Round "1"]
[White "Miller, David"]
[Black "Kalaydina, Regina Veronicka"]
[Result "0-1"]
[WhiteElo "1627"]
[BlackElo "1892"]
[PlyCount "92"]
[EventDate "2009.11.07"]
[EventType "tourn"]
[EventRounds "5"]
[EventCountry "CAN"]
[SourceTitle "EXT 2011"]
[Source "ChessBase"]
[SourceDate "2010.11.26"]
[SourceVersion "1"]
[SourceVersionDate "2010.11.26"]
[SourceQuality "1"]

1. e4 c5 2. Ne2 Nf6 3. d3 Nc6 4. g3 g6 5. Bg2 Bg7 6. 0-0 d6 7. c3 0-0 8. f4 e6 9. Nd2 Qc7 10. Qc2 Rb8 11. a4 a6 12. Nf3 b5 13. axb5 axb5 14. e5 Nd5 15. exd6 Qxd6 16. Ng5 Nce7 17. Ne4 Qb6 18. Kh1 Nf5 19. Rf3 Bb7 20. Qd2 Rfd8 21. Ng1 b4 22. c4 Nf6 23. Nxf6+ Bxf6 24. Rf2 Bxg2+ 25. Rxg2 Qd6 26. Nf3 Nd4 27. Nxd4 Qxd4 28. Rb1 Rd7 29. b3 Qxd3 30. Qxd3 Rxd3 31. Rg1 Rbd8 32. Bb2 Bxb2 33. Rxb2 Rd2 34. Rg2 Rd1+ 35. Rg1 f6 36. Rxd1 Rxd1+ 37. Kg2 Rd3 38. Kf2 Kf7 39. Ke2 Rc3 40. Kf2 f5 41. Kg2 Kf6 42. Kf2 e5 43. fxe5+ Kxe5 44. Re2+ Kd4 45. Rb2 Kd3 46. Re2 Rc2 0-1

[Event "CAN-ch (Women)"]
[Site "Kitchener"]
[Date "2009.08.11"]
[Round "6"]
[White "Kalaydina, Regina Veronicka"]
[Black "Starr, Nava"]
[Result "0-1"]
[WhiteElo "1879"]
[BlackElo "2173"]
[PlyCount "60"]
[EventDate "2009.08.03"]
[EventType "tourn"]
[EventRounds "7"]
[EventCountry "CAN"]
[SourceTitle "EXT 2011"]
[Source "ChessBase"]
[SourceDate "2010.11.26"]
[SourceVersion "1"]
[SourceVersionDate "2010.11.26"]
[SourceQuality "1"]

1. Nf3 g6 2. c4 Bg7 3. d4 c5 4. e4 cxd4 5. Nxd4 Nc6 6. Be3 Nf6 7. Nc3 d6 8. Be2 0-0 9. 0-0 a6 10. a4 Bd7 11. Nxc6 Bxc6 12. f3 Qa5 13. Rb1 Qb4 14. Qd2 Bxa4 15. Nxa4 Qxa4 16. b4 Qc6 17. Rfc1 Rfd8 18. b5 Qc8 19. Bb6 Re8 20. bxa6 bxa6 21. c5 dxc5 22. Rxc5 Qd7 23. Qb4 Rab8 24. Rc7 Qxc7 25. Bxc7 Rxb4 26. Rxb4 Nd7 27. Ba5 Bc3 28. Ra4 Nc5 29. Rc4 Bxa5 30. Rxc5 Bb6 0-1